[Event "FIDE-Wch k.o."]
[Site "New Delhi/Tehran"]
[Date "2000.12.05"]
[Round "3.3"]
[White "Svidler, Peter"]
[Black "Peng, Xiaomin"]
[Result "1-0"]
[WhiteElo "2689"]
[BlackElo "2657"]
[PlyCount "67"]
[EventDate "2000.11.27"]
[EventType "k.o."]
[EventRounds "7"]
[EventCountry "IND"]
[SourceTitle "CBM 080"]
[Source "ChessBase"]
[SourceDate "2001.01.25"]
[SourceVersion "1"]
[SourceVersionDate "2001.01.25"]
[SourceQuality "1"]

1. e4 e5 2. Nf3 Nc6 3. Bb5 Nf6 4. 0-0 Bc5 5. c3 0-0 6. d4 Bb6 7. Re1 d6 8. h3 h6 9. Be3 Bd7 10. Bd3 Re8 11. Nbd2 a6 12. a3 Ba7 13. Rc1 b5 14. d5 Ne7 15. c4 Bxe3 16. Rxe3 c6 17. c5 cxd5 18. cxd6 Nc6 19. exd5 Nxd5 20. Re1 Nf4 21. Be4 Rc8 22. Nb3 f5 23. Bxc6 Bxc6 24. Rxe5 Rxe5 25. Nxe5 Nxh3+ 26. Kf1 Qh4 27. gxh3 Qxh3+ 28. Ke2 Re8 29. Qd4 Qh5+ 30. Kd2 f4 31. Nxc6 Re2+ 32. Kc3 Qf3+ 33. Kb4 Re4 34. d7 1-0

[Event "FIDE-Wch k.o."]
[Site "New Delhi/Tehran"]
[Date "2000.12.02"]
[Round "2.3"]
[White "Peng, Xiaomin"]
[Black "Adianto, Utut"]
[Result "1-0"]
[WhiteElo "2657"]
[BlackElo "2583"]
[PlyCount "145"]
[EventDate "2000.11.27"]
[EventType "k.o."]
[EventRounds "7"]
[EventCountry "IND"]
[SourceTitle "CBM 080"]
[Source "ChessBase"]
[SourceDate "2001.01.25"]
[SourceVersion "1"]
[SourceVersionDate "2001.01.25"]
[SourceQuality "1"]

1. e4 c6 2. d4 d5 3. Nc3 dxe4 4. Nxe4 Bf5 5. Ng3 Bg6 6. h4 h6 7. Nf3 Nd7 8. h5 Bh7 9. Bd3 Bxd3 10. Qxd3 Ngf6 11. Bd2 e6 12. 0-0-0 Bd6 13. Ne4 Qc7 14. g3 Nxe4 15. Qxe4 0-0-0 16. Qe2 Rhe8 17. Kb1 e5 18. dxe5 Nxe5 19. Nd4 Qd7 20. Bc1 Qg4 21. f3 Qd7 22. f4 Ng4 23. Qf3 f5 24. Rd3 c5 25. Nb3 Qc6 26. Qxc6+ bxc6 27. Rc3 Nf2 28. Rg1 Ne4 29. Rc4 Bf8 30. Ra4 Rd7 31. Na5 Re6 32. Nc4 Kb7 33. Ne3 Rf7 34. Ra3 c4 35. Ra4 c3 36. Nc4 Rd7 37. Ne5 Rd5 38. Be3 c5 39. Ra3 Bd6 40. Nc4 Be7 41. bxc3 Bf6 42. Kb2 a6 43. Rb3+ Kc7 44. Rb1 Rd7 45. Ka3 Nxc3 46. Rb7+ Kd8 47. Rb8+ Kc7 48. R1b7+ Kc6 49. Na5+ Kd6 50. Bxc5+ Kxc5 51. Rxd7 Nb5+ 52. Ka4 Nd6 53. Rc7+ Kd5 54. c4+ Ke4 55. Rc6 Kf3 56. Rb3+ Kg4 57. Rxa6 Be7 58. Nc6 Bf8 59. Ne5+ Kxh5 60. Rb1 Rxe5 61. fxe5 Nxc4 62. e6 Nd2 63. Rb7 Ne4 64. Rc6 Nc5+ 65. Rxc5 Bxc5 66. e7 Bxe7 67. Rxe7 g5 68. Kb3 Kg4 69. a4 Kxg3 70. a5 f4 71. a6 f3 72. a7 f2 73. Rf7 1-0

[Event "Olympiad-34"]
[Site "Istanbul"]
[Date "2000.11.04"]
[Round "7.3"]
[White "Nadera, Barlo A"]
[Black "Peng, Xiaomin"]
[Result "1/2-1/2"]
[WhiteElo "2403"]
[BlackElo "2657"]
[PlyCount "119"]
[EventDate "2000.10.28"]
[EventType "team-swiss"]
[EventRounds "14"]
[EventCountry "TUR"]
[SourceTitle "EXT 2001"]
[Source "ChessBase"]
[SourceDate "2000.11.22"]
[SourceVersion "1"]
[SourceVersionDate "2000.11.22"]
[SourceQuality "1"]
[WhiteTeam "Philippines"]
[BlackTeam "China"]
[WhiteTeamCountry "PHI"]
[BlackTeamCountry "CHN"]

1. d4 Nf6 2. c4 g6 3. Nc3 Bg7 4. e4 d6 5. h3 0-0 6. Nf3 e5 7. d5 Na6 8. g4 Nc5 9. Qc2 a5 10. Be3 c6 11. Be2 cxd5 12. cxd5 Ne8 13. Nd2 Bd7 14. 0-0-0 Rc8 15. Kb1 a4 16. Rc1 f5 17. f3 fxg4 18. hxg4 Bf6 19. Qd1 Bg5 20. Qg1 Rf7 21. Rc2 Bxe3 22. Qxe3 Rb8 23. Bb5 Nc7 24. Bxd7 Qxd7 25. Nc4 b6 26. Rch2 N7a6 27. Qe2 b5 28. Ne3 b4 29. Ncd1 Rbf8 30. Rh3 Qe7 31. Nc4 Nc7 32. Na5 Ne8 33. Qe3 b3 34. a3 Qa7 35. Nc6 Qa6 36. Nf2 Qb5 37. g5 h5 38. gxh6 Kh7 39. Rg3 Nf6 40. Rgg1 Nh5 41. Nh3 Kh8 42. Ng5 Rb7 43. Rc1 Nd3 44. Ne6 Ra8 45. Rc3 Ndf4 46. Ncd8 Rd7 47. Nxf4 Nxf4 48. Ne6 Nxe6 49. dxe6 Re7 50. h7 Rxe6 51. Rc7 Qb8 52. Qc3 Qf8 53. Qc6 Rae8 54. Rf1 Ra8 55. Qd7 Rf6 56. Qc6 Qe8 57. Qc4 Qe6 58. Qc6 Qe8 59. Qc4 Qe6 60. Qc6 1/2-1/2

[Event "Olympiad-34"]
[Site "Istanbul"]
[Date "2000.10.31"]
[Round "4.3"]
[White "Peng, Xiaomin"]
[Black "Socko, Bartosz"]
[Result "1/2-1/2"]
[WhiteElo "2657"]
[BlackElo "2528"]
[PlyCount "69"]
[EventDate "2000.10.28"]
[EventType "team-swiss"]
[EventRounds "14"]
[EventCountry "TUR"]
[SourceTitle "EXT 2001"]
[Source "ChessBase"]
[SourceDate "2000.11.22"]
[SourceVersion "1"]
[SourceVersionDate "2000.11.22"]
[SourceQuality "1"]
[WhiteTeam "China"]
[BlackTeam "Poland"]
[WhiteTeamCountry "CHN"]
[BlackTeamCountry "POL"]

1. e4 e6 2. d4 d5 3. e5 c5 4. c3 Qb6 5. Nf3 Nc6 6. a3 Bd7 7. b4 cxd4 8. cxd4 Rc8 9. Bb2 Na5 10. Nbd2 Nc4 11. Nxc4 dxc4 12. Rc1 a5 13. Nd2 axb4 14. Nxc4 Qd8 15. axb4 Bxb4+ 16. Bc3 Bxc3+ 17. Rxc3 Kf8 18. Ra3 Bc6 19. Nd6 Ra8 20. Qa1 Rxa3 21. Qxa3 Ne7 22. Bc4 g6 23. 0-0 Kg7 24. Rd1 Qc7 25. h4 Rd8 26. Qb2 Kg8 27. Qb3 Qd7 28. Rb1 Nc8 29. Nxb7 Bxb7 30. Qxb7 Qxb7 31. Rxb7 Rxd4 32. Bb5 Rb4 33. f4 Kg7 34. g3 Ne7 35. Rxe7 1/2-1/2

[Event "Olympiad-34"]
[Site "Istanbul"]
[Date "2000.10.29"]
[Round "2.3"]
[White "Peng, Xiaomin"]
[Black "Kostenko, Petr"]
[Result "1-0"]
[WhiteElo "2657"]
[BlackElo "2466"]
[PlyCount "109"]
[EventDate "2000.10.28"]
[EventType "team-swiss"]
[EventRounds "14"]
[EventCountry "TUR"]
[SourceTitle "EXT 2001"]
[Source "ChessBase"]
[SourceDate "2000.11.22"]
[SourceVersion "1"]
[SourceVersionDate "2000.11.22"]
[SourceQuality "1"]
[WhiteTeam "China"]
[BlackTeam "Kazakhstan"]
[WhiteTeamCountry "CHN"]
[BlackTeamCountry "KAZ"]

1. e4 e5 2. Nf3 Nc6 3. Bb5 a6 4. Ba4 Nf6 5. 0-0 Bc5 6. c3 b5 7. d4 bxa4 8. dxc5 Qe7 9. Qxa4 Qxc5 10. Be3 Qe7 11. Nbd2 0-0 12. Rfe1 Bb7 13. Nf1 d6 14. Ng3 Qd7 15. Qc2 Ne7 16. h3 Qe6 17. c4 Nd7 18. Nf5 Nxf5 19. exf5 Qe7 20. Nd2 Kh8 21. c5 dxc5 22. Nb3 Bd5 23. Nxc5 c6 24. Rad1 Rfe8 25. Ne4 Qh4 26. f3 Nf6 27. Bg5 Bxe4 28. Qd2 Qg3 29. fxe4 Nh5 30. Qe3 Qxe3+ 31. Rxe3 f6 32. Bh4 Rab8 33. b3 Red8 34. Rdd3 Rxd3 35. Rxd3 Nf4 36. Rd6 Rc8 37. Kf2 Kg8 38. Bg3 a5 39. Bxf4 exf4 40. Kf3 c5 41. Ra6 c4 42. bxc4 Rxc4 43. Rxa5 Rc2 44. Ra8+ Kf7 45. Ra7+ Kg8 46. a4 g5 47. fxg6 hxg6 48. a5 g5 49. a6 Ra2 50. h4 gxh4 51. Kxf4 Rf2+ 52. Kg4 Rxg2+ 53. Kxh4 Ra2 54. Kh5 Kf8 55. Kg6 1-0